Tersadai di Lembah Emas

Bibliographic Details
Main Author: Wan Norsaedah
Format: Book
Published: Petaling Jaya : Penerbit Pan Earth Sdn. Bhd. , 1987
Series:Siri bacaan pelita
Subjects:

MARC

LEADER 00000cam a2200000 7i4500
001 0000003416
002 000003684
005 20000330.0
020 |a 9679563294 
090 0 0 |a JF   |b WAN 
100 0 |a Wan Norsaedah 
245 1 0 |a Tersadai di Lembah Emas   |c Wan Norsaedah 
260 |a Petaling Jaya :   |b Penerbit Pan Earth Sdn. Bhd. ,   |c 1987 
300 |a 36p. :   |b ill. ;   |c 22cm. 
490 0 |a Siri bacaan pelita 
650 0 0 |a Children's stories, Malay 
999 |a 0031739   |b BUKU   |c JUNIOR FICTION   |e PERPUSTAKAAN KOMUNITI PETALING JAYA